000 00686nam a2200217 i 4500
001 171089
003 ES-MaACL
005 20230906214533.0
008 090427s1955 xxk |||| | eng d
080 _a299.512
100 1 _aLiu, Wu-chi.
_9139961
245 1 2 _aA short history of Confucian philosophy /
_cLiu Wu-Chi.
260 _aHarmondsworth, Middlesex :
_bPenguin Books,
_c1955.
300 _a229 p. ;
_c18 cm.
490 1 _aPelican books ;
_vA333
504 _aBibliografĂ­a.
650 0 4 _aConfucianismo.
_911279
830 0 _aPelican books ;
_vA333
_9189094
852 4 _aES-MaACL
_jE-12616
_9R.140224
_z. - Biblioteca Jacinto MartĂ­nez Lacalle
999 _c171089
_d171089